| 000 | 01127nam a2200337Ia 4500 | ||
|---|---|---|---|
| 003 | OSt | ||
| 005 | 20221007124719.0 | ||
| 006 | a|||||r|||| 00| 0 | ||
| 007 | ta | ||
| 008 | 221006b |||||||| |||| 00| 0 eng d | ||
| 020 | _a9788131525579 (pbk) | ||
| 024 | _a194319 | ||
| 037 |
_b898, 12/10/2015, Dhanraj Book House _cTextual |
||
| 040 |
_aCDL _cCDL _beng |
||
| 041 |
_2eng _aeng |
||
| 082 | _aE:3, N8;P7-;1 Carc | ||
| 100 | _aSkoog Douglas A | ||
| 245 | 0 |
_aPrinciples of instrumental analysis _b Holler F James Crouch Stanley R |
|
| 250 | _a6 | ||
| 260 |
_aNew _bDelhi Cengage Learning _c2007 |
||
| 300 |
_axv, 999p. ill. _ccm. |
||
| 500 | _aAppendix 957-992p.; Reprint 2014. | ||
| 650 | _a Atomic spectroscopy | ||
| 650 |
_a Molecular spectroscopy _9642631 |
||
| 650 |
_a Separation metjods _9720220 |
||
| 650 |
_aElectroanalytical chemistry _9720221 |
||
| 700 | _a Crouch Stanley R | ||
| 700 | _a Holler F James | ||
| 942 |
_hE:3, N8;P7-;1 Carc _cTEXL _2CC |
||
| 999 |
_c1213979 _d1213979 |
||